000 00771nam a22001695i 4500
001 170973
003 ES-MaACL
005 20250823063125.0
008 090421s1868 sp |||| | spa d
100 1 _aRetes, Francisco Luis de,
_d1822-1901
_9131729
245 1 0 _aDoña Inés de Castro
_b: drama en tres actos, en verso /
_coriginal de Francisco Luis de Retes.
260 _aMadrid :
_b[s.n.],
_c1868 (
_fImpr. de José Rodríguez)
300 _a90 p. ;
_c18 cm.
500 _aEn port.: Estrenado en el teatro de Jovellanos el 17 de setiembre de 1868.
852 _aES-MaACL
_jF-8574(3)
_z.- Enc. pasta española
_q.- Falto de la cub. original
_z.- Enc. en un vol. facticio formando parta de la Col. "Teatro español moderno" vol. 27
999 _c170973
_d170973